000 00790nas a2200241 4500
001 BR9209543
003 BR-BrBNA
005 20231205093305.0
007 ta
008 230509b bl.|||p| |||| 00| 00por d
040 _aBR-BrBNA
_bpor
_cBiblioteca Nacional de Agricultura
041 _a(En)
072 _aL53
100 1 _aMatkovic, M.
100 1 _aPisano, A.
245 1 _aCogenesis and ovulation in normal conditions or induced by homologous hypophysis in Hoplias M. Malabaricus (Pisces, Erythrynidae)
650 _aPEIXE DE AGUA DOCE
650 _aREPRODUCAO ANIMAL
650 _aOVOGENESE
773 0 _tRevista Brasileira de Biologia (Brazil)
_xISSN 0034-7108
_g(Feb 1989), v. 49(1) p. 203-212
_wBR9209543
909 _a202311
_bLúcia
_c55
_dLúcia Elande
942 _2AGRIS
_n0
_cANA
999 _c137335
_d137335